| 000 | 00384nam a2200145Ia 4500 | ||
|---|---|---|---|
| 003 | GCL | ||
| 008 | 140319s9999 xx 000 0 eng d | ||
| 040 |
_aGCL / _cGCL |
||
| 082 | 0 | 4 |
_a746.44 _bG B |
| 100 | 1 | _aGEDDES, ELISABETH | |
| 245 | 1 | 0 |
_aBLACKWORK EMBROIDERY / _cGEDDES, ELISABETH |
| 260 |
_a[S.N] : _bDOVER PUBLICATIONS,INC. ، _c1976 |
||
| 650 | 0 | 4 | _aEMBROIDERY |
| 942 |
_2ddc _cBK |
||
| 999 |
_c17506 _d17506 |
||